000 00217nam a2200097Ia 4500
008 240331s9999 xx 000 0 und d
082 _bJAY
100 _aJayawardane, Kumari
245 0 _aKaralikara Bhikshuhu
942 _cL
999 _c5481
_d5481